Регионална библиотека "Любен Каравелов" - Русе

Социалистическа икономическа интеграция (Запис номер 183250)

MARC детайли
000 -Лидер
Контролно поле с фиксирана дължина nam a22 a 4500
003 - Код на организацията, давaща контролен номер
Контролно поле BLK
005 - Дата и час на последна редакция
Контролно поле 20221207103155.0
008 - Елементи от данни с фиксирана дължина
fixed length control field 180411b bul|||||r ||||||| ||bul||
010 ## - Наследен системен номер
LC control number KNG00192180000
040 ## - Източник на каталожния запис
Идентификатор на билиотеката - собственик на записа BLK
041 ## - Код за език
Код за езика на текст/звукозапис или на отделно заглавие Български
Код за езика КДБФ Български
080 ## - УДК
Текстов определител УДК Съвет на икономическа взаимопомощ
УДК код - определител по УДК 339.923:061.1СИВ
УДК - код + определител 339.923:061.1СИВ
100 1# - Редна дума - Автор
Автор Георгиев, Георги Стефанов
Авторска отговорност първи автор
R(LIN) 366925
139 ## - Редно поле
Редна дума Георгиев, Георги Стефанов
Авторски знак Георгиев - Г 37
245 10 - Сведения за заглавието
Заглавие Социалистическа икономическа интеграция
Подзаглавни данни Полит. аспекти : Моногр.
Редно поле (дума) Георги Стефанов Георгиев.
257 ## - Страна на издаване
Страна на създаване/издаване България
260 ## - Област на издателските данни
Име на издателя, разпространителя и проч. Партиздат
Година на издаване 1980
Печатница В. Търново : печ. Д. Найденов
Място на издаване, разпространение и проч. София
300 ## - Физическа характеристика
Страници 195 с.
Размери/Мащаб 21 см
380 ## - Жанр
Жанр Обществени науки
500 ## - Общи забележки
Забележка Рез. на рус. и нем. ез. - Библиогр. под линия. - 915 тир.
650 #4 - Допълнително описание по предмет – тема
Основно описание – тема или топоним Икономическа интеграция - между социалистическите страни
9 (RLIN) 319568
650 #4 - Допълнително описание по предмет – тема
Основно описание – тема или топоним Социалистически страни - икономическа интеграция
9 (RLIN) 330483
650 #4 - Допълнително описание по предмет – тема
Основно описание – тема или топоним СИВ
9 (RLIN) 170890
653 ## - Ключова дума – ненормативна
Ключова дума икономическа интеграция
653 ## - Ключова дума – ненормативна
Ключова дума социалистически страни
653 ## - Ключова дума – ненормативна
Ключова дума СИВ
852 ## - Местоположение
Форматна сигнатура Цб 105127
Фондова буква Хранилище
999 ## - СИСТЕМНИ КОНТРОЛНИ НОМЕРА
Koha biblionumber 183250
Koha biblioitemnumber 183250
942 ## - АРТИКУЛИ
Вид на библиотечния материал Книги
Скрит в OPAC Не
Периодичен библиозапис Да
944 ## - СЪЗДАВАНЕ И РЕДАКЦИЯ на ЗАПИСА
Създаване/Редакция Създаване
Дата на регистрацията/редакция 10.10.2016
Служител, извършил регистрацията/редакцията Правда_Бадева
944 ## - СЪЗДАВАНЕ И РЕДАКЦИЯ на ЗАПИСА
Създаване/Редакция Редакция
Дата на регистрацията/редакция 2022-12-07
Служител, извършил регистрацията/редакцията Ренета Константинова
Наличности
Код за отписване Код за изгубен артикул Източник на класификационната схема Код за повреда Коз за рестрикции Код за отдаване Артикулен № Име на библиотеката - собственик Име на библиотеката, в която се намира в момента Статус (Текущо местоположение) Дата на вписване в системата Местоположение - отдел Цена в лева Инвентарен номер Систематично азбучна сигнатура Баркод Номер на екземпляра Цена в евро Служебна бележка Служебен тип на артикула
  Не е изгубен Universal Decimal Classification Не е повреден само за читалня ползва се в читалня 315794 Регионална библиотека "Любен Каравелов" Русе Регионална библиотека "Любен Каравелов" Русе Хранилище 1980-01-01 Хранилище 1.32 311900 Цб 105127 120000311900 1 0.67 N: стар фонд Дата: 01.01.1980 Книги
Изтеглен Не е изгубен Universal Decimal Classification Не е повреден без рестрикции заемане за дома 315795 Регионална библиотека "Любен Каравелов" Русе Регионална библиотека "Любен Каравелов" Русе Заемна - подръчен фонд 1980-01-01 Заемна - подръчен фонд 1.00 312765 П 339.9/Г 37 312765 2 0.51 N: стар фонд Дата: 01.01.1980 Книги
Vip Innovations Ltd, Rousse, Bulgaria 2025